| 000 | 00579nam a2200217Ia 4500 | ||
|---|---|---|---|
| 008 | 160517s9999 xx 000 0 und d | ||
| 020 | _a978-981-4319-27-0 | ||
| 050 | _aComSc QA 76.758 | ||
| 050 | _b.S25 2010 | ||
| 100 | _aSaleh, Kassem A. | ||
| 245 | _aSoftware engineering / | ||
| 245 | _cKassem A. Saleh. | ||
| 260 | _aSingapore : | ||
| 260 | _bCengage Learning Asia Pte Ltd., | ||
| 260 | _c2010 | ||
| 300 | _a336 pages : | ||
| 300 | _bill. ; | ||
| 300 | _c23 cm. | ||
| 500 | _aIncludes bibliographical references and index. | ||
| 650 | _aSoftware engineering. | ||
| 999 |
_c294219 _d294219 |
||